<?xml version="1.0" encoding="UTF-8"?><?xml-stylesheet type="text/xsl" href="static/style.xsl"?><OAI-PMH xmlns="http://www.openarchives.org/OAI/2.0/" xmlns:xsi="http://www.w3.org/2001/XMLSchema-instance" xsi:schemaLocation="http://www.openarchives.org/OAI/2.0/ http://www.openarchives.org/OAI/2.0/OAI-PMH.xsd"><responseDate>2026-04-27T12:31:41Z</responseDate><request verb="GetRecord" identifier="oai:uvadoc.uva.es:10324/48486" metadataPrefix="marc">https://uvadoc.uva.es/oai/request</request><GetRecord><record><header><identifier>oai:uvadoc.uva.es:10324/48486</identifier><datestamp>2021-11-04T13:46:54Z</datestamp><setSpec>com_10324_38</setSpec><setSpec>col_10324_787</setSpec></header><metadata><record xmlns="http://www.loc.gov/MARC21/slim" xmlns:doc="http://www.lyncode.com/xoai" xmlns:xsi="http://www.w3.org/2001/XMLSchema-instance" xmlns:dcterms="http://purl.org/dc/terms/" xsi:schemaLocation="http://www.loc.gov/MARC21/slim http://www.loc.gov/standards/marcxml/schema/MARC21slim.xsd">
<leader>00925njm 22002777a 4500</leader>
<datafield tag="042" ind1=" " ind2=" ">
<subfield code="a">dc</subfield>
</datafield>
<datafield tag="720" ind1=" " ind2=" ">
<subfield code="a">Ortega Sanmartín, Susana</subfield>
<subfield code="e">author</subfield>
</datafield>
<datafield tag="260" ind1=" " ind2=" ">
<subfield code="c">2021</subfield>
</datafield>
<datafield tag="520" ind1=" " ind2=" ">
<subfield code="a">La importancia del uso de la mediación como procedimiento alternativo a la resolución de conflictos, está justificada en cuanto que ampara el derecho de acceso a la justicia de los ciudadanos. Así pues, el interés de este trabajo es conocer cuál es la situación actual y qué queda por hacer. Para ello, se hace un recorrido por diferentes medidas definidas a nivel europeo y nacional con las que se ha querido promocionar el uso de la mediación como método ADR en España.&#xd;
Posteriormente, tras un análisis de los datos recogidos y conociendo las opiniones de varios expertos, se ha utilizado el análisis DAFO como base para la propuesta de actividades enmarcadas en un plan estratégico que promocione de manera efectiva este ADR.</subfield>
</datafield>
<datafield tag="024" ind2=" " ind1="8">
<subfield code="a">https://uvadoc.uva.es/handle/10324/48486</subfield>
</datafield>
<datafield tag="245" ind1="0" ind2="0">
<subfield code="a">Estudio sobre las medidas de fomento de la mediación en España</subfield>
</datafield>
</record></metadata></record></GetRecord></OAI-PMH>